UBT Library

Th edition vintrobes clinical hematology: (Record no. 1813)

000 -LEADER
fixed length control field 00331nam a22001217a 4500
008 - FIXED-LENGTH DATA ELEMENTS--GENERAL INFORMATION
fixed length control field 160505b xxu||||| |||| 00| 0 eng d
020 ## - INTERNATIONAL STANDARD BOOK NUMBER
International Standard Book Number 9780781736503
020 ## - INTERNATIONAL STANDARD BOOK NUMBER
International Standard Book Number 0781736501
041 ## - LANGUAGE CODE
Language code of text/sound track or separate title eng
080 ## - UNIVERSAL DECIMAL CLASSIFICATION NUMBER
Universal Decimal Classification number 61
245 ## - TITLE STATEMENT
Title Th edition vintrobes clinical hematology:
Statement of responsibility, etc John P. Greer; John Foerster; John N. Lukens;
942 ## - ADDED ENTRY ELEMENTS (KOHA)
Source of classification or shelving scheme
Item type Books
Holdings
Withdrawn status Lost status Damaged status Not for loan Date acquired Total Checkouts Date last seen Price effective from Koha item type Source of classification or shelving scheme Collection code Permanent location Current location Shelving location Full call number Barcode
        05/05/2016   05/05/2016 05/05/2016 Books              
        05/05/2016   05/05/2016 05/05/2016 Books   Koleksioni i përgjithshem UBT - Lipjan UBT - Lipjan Koleksioni i përgjithshem 61 GREE 002-028245
        05/05/2016   05/05/2016 05/05/2016 Books   Koleksioni i përgjithshem UBT - Lipjan UBT - Lipjan Koleksioni i përgjithshem 61 GREE 002-028219
        05/12/2016   05/12/2016 05/12/2016 Books   Koleksioni i përgjithshem UBT - Lipjan UBT - Lipjan Koleksioni i përgjithshem 61 GREE 002028733
UBT Library © 2015-2024. All rights reserved University Education for Business and Technology